000 00839nam a2200241 i 4500
001 13765
003 ES-MaACL
005 20251003063034.0
007 t|
008 980414m1982 sp af |||| | spa j
020 _a84-00-05150-5
080 _a929.6(460)"04/14"
100 1 _aMenéndez Pidal, Faustino,
_d1924-
_980311
245 1 0 _aHeráldica medieval española.
_nI,
_pLa Casa Real de León y Castilla /
_cFaustino Menéndez Pidal de Navascués.
260 _aMadrid :
_bHidalguía,
_c1982.
300 _a274 p., [4] p. de lám., [2] h. de lám. pleg. :
_bil. ;
_c26 cm.
500 _aÍndices.
500 _aPrecede al tít.: Instituto Salazar y Castro (C.S.I.C.)
650 1 4 _aHeráldica-
_zEspaña.
_913317
710 2 _aInstituto Salazar y Castro.
_95230
852 _aES-MaACL
_jL-21183
999 _c13765
_d13765